00699nam a22002055a 450000500170000001000170001702000250003403500170005903700170007608200110009310000200010424501130012426000420023727000790027930000430035849000200040150000350042170000220045670000150047820100803144220.0 aB-408523-551 a9788123754512c55.00 aB-408523-551 bTarun Books  a617.51 aKaluskar, S.K.  aEasy guide to ear nose and throat:bcommon problems and treatment /cby S.K. Kaluskar [and] Sanjay Sachdeva  aNew Delhi bNational Book Trustc2009 aNehru Bhawan, 5 Industrial Area, Phae-II, Vasant Kunj,bNew Delhi e110070 axiv, 85 p. :c23 cm(pbk) bb&w photos  aPopular science aIncludes references and index  aSachdeva, Sanjay  aJai Ratan,